[Event "BL2-West 0001"]
[Site "Germany"]
[Date "2001.01.28"]
[Round "5.1"]
[White "Chuchelov, Vladimir"]
[Black "Lautier, Joel"]
[Result "1/2-1/2"]
[WhiteElo "2535"]
[BlackElo "2648"]
[Annotator "Chuchelov,V"]
[PlyCount "46"]
[EventDate "2000.10.15"]
[EventType "team-tourn"]
[EventRounds "9"]
[EventCountry "GER"]
[SourceTitle "CBM 081"]
[Source "ChessBase"]
[SourceDate "2001.03.20"]
[SourceVersion "1"]
[SourceVersionDate "2001.03.20"]
[SourceQuality "1"]
[WhiteTeam "Andernach"]
[BlackTeam "Heiligenhaus"]
[WhiteTeamCountry "GER"]
[BlackTeamCountry "GER"]

1. c4 e5 2. Nc3 Nf6 3. Nf3 Nc6 4. e3 Be7 5. d4 exd4 6. Nxd4 O-O 7. Be2 Re8 (
7... d5 $5 8. Nxc6 (8. Nxd5 $5 Nxd5 9. cxd5 Qxd5 10. Bf3) (8. cxd5 Nb4 9. e4
$140 Nxe4 $1 10. Nxe4 Qxd5) 8... bxc6 9. O-O Bd6 $132 10. b3 Qe7 11. Bb2 dxc4
$1 12. bxc4 (12. Bxc4 Ng4 (12... Bxh2+ $2 13. Kxh2 Ng4+ 14. Kg3 $1 Qg5 15. f4
Qg6 16. Bd3 $16) 13. g3 (13. h3 Qe5 14. g3 Nxe3 15. fxe3 Qxg3+ 16. Kh1 Qh2#)
13... Nxh2 14. Kxh2 Qh4+ 15. Kg1 Bxg3 16. fxg3 Qxg3+ 17. Kh1 Qh3+ 18. Kg1 Qg3+
$10) 12... Rb8 $1 13. Qc1 Ng4 14. g3 (14. Bxg4 Bxg4 15. Re1 Rb4 $1 $17) 14...
Re8 15. Nd1 (15. Bf3 Qf6 $1 (15... Ne5 16. Be2 Bh3 17. Rd1 $13) 16. Bxg4 (16.
Bg2 $2 Qh6 17. h3 Ne5 $19) 16... Bxg4 17. f3 Bh3 18. Rf2 Qg6 $36) 15... Nxh2 $1
16. c5 (16. Kxh2 $2 Qh4+ 17. Kg2 Qh3+ 18. Kg1 Bxg3 19. fxg3 Qxg3+ 20. Kh1 Re4 (
20... Re6 21. Bf6 $1) 21. Rf4 Bh3 $19) 16... Nxf1 $1 17. cxd6 Nxg3 $1 18. fxg3
Qxd6 $19 {Timman 2625 - Karpov 2705 Montreal 1979}) (7... Bb4 $5) 8. O-O Bf8 (
8... Nxd4 9. Qxd4 Bd6 10. Bd2 Be5 11. Qd3 d6 12. Rad1 $14) 9. b3 Ne5 (9... d6
$142 10. Bb2 Bd7 11. Rc1 Nxd4 12. Qxd4 c6 13. Rfd1 $14 {Stean,M-Garcia,G/Lone
Pine 1978/MCL}) 10. Bb2 c6 11. Qc2 d5 12. Rad1 (12. Rfd1 $1 Bd7 (12... Bg4 13.
cxd5 cxd5 14. h3 Bxe2 15. Ndxe2 Rc8 16. Rac1 $16) (12... Qa5 13. cxd5 cxd5 14.
Nf3 (14. Ncb5 Bg4 15. Qc7 Qa6 $13) 14... Nxf3+ (14... Nc6 15. a3 Be6 16. b4 Qd8
17. Ng5 g6 18. e4 $16) 15. Bxf3 Be6 16. Qd2 $16 Bb4 $140 17. a3 Bxc3 18. Bxc3
$16) 13. cxd5 cxd5 14. Nf3 $1 Rc8 15. Nxe5 (15. Rac1 Ng6 16. Qd3 Be6 17. Nb5
$14) 15... Rxe5 16. Qd2 Qe8 17. Bf3 (17. Nb5 Ne4 18. Qd4 Rg5 $132) 17... Bb4
18. Rac1 $16) 12... Qa5 $1 (12... Bd7 13. cxd5 cxd5 14. Nf3 Rc8 15. Qb1 $16)
13. cxd5 cxd5 14. Nf3 Nxf3+ (14... Nc6 15. a3 Be6 16. b4 Qd8 17. Ng5 $16 {
/\18e4}) 15. Bxf3 Be6 16. Qd2 Bb4 17. a3 Bxc3 18. Qxc3 $6 (18. Bxc3 $142 $1
Qxa3 19. Bxf6 gxf6 20. Qc3 $1 (20. Qd4 Kg7 21. Bxd5 Rad8 22. Ra1 $1 Qe7 23. e4
a6 24. Rfd1 Bxd5 25. exd5 Qd6 $14) 20... Kg7 (20... Rac8 21. Qxf6 Qxb3 22. Bxd5
(22. Qg5+ Kh8 23. Rb1 Qa3 24. Rxb7 Rc1 $132) 22... Bxd5 23. Qg5+ Kh8 24. Rxd5
$16) 21. Rd4 $5 (21. Bxd5 Rac8 22. Qd4 (22. Qd3 Qb4 23. Bxe6 Rxe6 $132) 22...
Red8 (22... Rcd8 23. e4 (23. Ra1 Qd6 24. Bxe6 Qxd4 25. exd4 Rxe6 26. Rxa7 Rb6)
23... Bxd5 24. exd5 Qxb3 25. Rd3 Qb6 26. Qg4+ Kh8 27. Qh5 $16) 23. e4 (23. Ra1
$5 Qd6) 23... Qc5 (23... Bxd5 24. exd5 Qxb3 25. d6 $44) 24. Qd3 Qc3 25. Qb5 Rc7
26. Bxe6 $140 Rxd1 27. Rxd1 fxe6 28. h3 Qc2 29. Rd3 Qc1+ 30. Kh2 Qf4+ 31. Rg3+
Kf7 32. Qh5+ Kf8 $13) 21... Rac8 22. Qd3 Rc1 $140 23. Bxd5 Rxf1+ 24. Kxf1 Qc1+
25. Ke2 Bxd5 26. Rg4+ Kh8 27. Qxd5 $16) 18... Qxc3 19. Bxc3 Ne4 20. Bd4 Rec8
$11 21. Be2 {1/2} (21. Rd3 Bf5 22. Bb2 $140 Ng3 23. Rxd5 Nxf1 24. Rxf5 Rc2)
21... Nc3 22. Rd2 Nxe2+ 23. Rxe2 f6 $11 1/2-1/2

[Event "Neckar op-A 3rd"]
[Site "Deizisau"]
[Date "1999.04.03"]
[Round "5"]
[White "Chuchelov, Vladimir"]
[Black "Zhu, Chen"]
[Result "1-0"]
[WhiteElo "2534"]
[BlackElo "2487"]
[Annotator "Chuchelov,V"]
[PlyCount "53"]
[EventDate "1999.04.??"]
[EventType "swiss"]
[EventRounds "8"]
[EventCountry "GER"]
[SourceTitle "EXT 2000"]
[Source "ChessBase"]
[SourceDate "1999.11.16"]
[SourceVersion "1"]
[SourceVersionDate "1999.11.16"]
[SourceQuality "1"]

1. c4 e5 2. Nc3 Nf6 3. Nf3 Nc6 4. a3 g6 5. g3 d5 6. cxd5 Nxd5 7. d3 Bg7 8. Bg5
Nxc3 9. bxc3 Qd6 10. Bd2 Bf5 (10... b6 11. Bg2 Bb7 12. O-O O-O 13. Ng5 Rad8 14.
Ne4 Qe7) 11. Bg2 O-O (11... e4 12. dxe4 Bxe4 13. Qa4 Qe7 14. O-O O-O 15. Bg5
Qe6 16. Bf4) 12. Ng5 Rad8 13. O-O Bc8 14. Qa4 h6 15. Ne4 Qe7 16. Be3 Rfe8 17.
Rab1 a6 18. Nc5 b5 19. Qc2 Nb8 20. c4 c6 21. a4 Qc7 (21... b4 22. Qd2 a5 23.
Nb3) 22. Rfc1 (22. axb5 cxb5 23. cxb5 axb5 24. Rxb5 Na6) 22... Kh7 23. cxb5
cxb5 24. axb5 axb5 25. Rxb5 f5 26. Qb1 Nc6 27. Nb7 1-0

[Event "Guilan Stars Cup 1st"]
[Site "Guilan"]
[Date "2016.07.15"]
[Round "5.3"]
[White "Gholami, Aryan"]
[Black "Edouard, Romain"]
[Result "1-0"]
[WhiteElo "2454"]
[BlackElo "2639"]
[Annotator "Edouard,R"]
[PlyCount "137"]
[EventDate "2016.07.11"]
[EventType "schev"]
[EventRounds "10"]
[EventCountry "IRI"]
[SourceTitle "CBM 174"]
[Source "ChessBase"]
[SourceDate "2016.09.13"]
[SourceVersion "1"]
[SourceVersionDate "2016.09.13"]
[SourceQuality "1"]
[WhiteTeam "Iran Stars"]
[BlackTeam "World Stars"]
[WhiteTeamCountry "IRI"]
[WhiteClock "0:00:59"]
[BlackClock "0:03:47"]

1. c4 e5 2. Nc3 Nf6 3. Nf3 Nc6 4. e4 d6 $5 {An interesting line to get a sharp
position.} 5. d4 Bg4 6. d5 Nd4 7. Be2 $5 (7. Be3 Nxf3+ 8. gxf3 Bd7 {is also
unclear, Black will play ...Be7 and ...Nh5 and reach a decent position.}) 7...
Nxe2 ({After} 7... Bxf3 8. Bxf3 g6 (8... c5 9. dxc6 bxc6 10. Be3 c5 11. Qa4+
Qd7 12. Bd1 $14) 9. Be3 Bg7 10. Bxd4 (10. Nb5 $5) 10... exd4 11. Qxd4 O-O {
I do not believe Black has enough compensation.}) 8. Qxe2 g6 {Going for a
King's Indian where White will miss his light-squared bishop.} (8... Be7 $5 {
with the idea} 9. h3 Bh5 $5 {is another option.}) 9. h3 Bd7 10. Be3 (10. Bg5 $5
{in order to provoke the move ...h6 was played by Gajewski. But it has a
problem that g4 becomes a weaker move since after ...h5 White will not be able
to play g5.}) 10... Bg7 (10... Nh5 $5 {with the idea of systematically
answering g4 by ...Nf4 was another option, and after} 11. g4 Nf4 12. Bxf4 exf4
13. e5 {Black could go} Bg7 $1 14. exd6+ (14. e6 fxe6 15. dxe6 Bxc3+ 16. bxc3
Bc6 $13) 14... Kf8 $44) 11. g4 {If White does not play this move then ...Nh5
should bring Black a very decent King's Indian. If White castles short they
will miss his light-squared bishop when Black will push his kingside pawns. On
the other hand I anyway prefer Black's position.} Qe7 (11... a6 $5 {was also
possible, but I decided to just stop c5 forever.}) 12. O-O-O a6 13. Kb1 O-O 14.
Nd2 c6 $2 {A terrible move.} (14... b5 {with the idea} 15. cxb5 axb5 16. Nxb5
c5 $1 {[%cal Gf8b8] was excellent for Black.}) (14... c5 $5 {with the idea ...
b5 was also much smarter.}) 15. f3 b5 16. dxc6 Bxc6 17. Nd5 (17. h4 {was more
precise. White is slightly better.}) 17... Nxd5 18. cxd5 Bd7 19. h4 f5 20. h5 (
{I was more worried about} 20. gxf5 gxf5 21. exf5 Bxf5+ 22. Ne4 {though I
think Black should be fine.}) 20... f4 21. Bf2 b4 (21... a5 22. Rc1 Rfc8 {
was also possible, with a dead equality.}) 22. hxg6 hxg6 23. Rc1 Bb5 24. Nc4 $1
Rfc8 25. b3 {White needs to play this move so he can remove his queen from e2.
It looks dangerous as Black pushes his a-pawn but in fact there is no attack.}
a5 26. Qd2 Rcb8 27. Rc2 a4 28. Rhc1 Qd8 29. Rb2 Be8 30. bxa4 Rxa4 31. Rb3 Bf8
32. Nb2 Ra3 33. Nc4 Ra4 34. Nb2 Ra6 35. Nc4 Rb5 $2 {It was just time to make a
draw.} 36. Rxb4 Ra4 $6 {Just forgetting about White's next (obvious) move.} (
36... Qb8 {was better.}) 37. Rb3 ({White had to be careful about one thing:} 
37. Rxb5 $2 Bxb5 38. Nb6 Ra6 39. Rc8 $4 Rxb6 40. Rxd8 Bd3+ {and mate.}) 37...
Qd7 $4 {After any normal move Black's position was still very much playable.}
38. Nb6 Qa7 ({After} 38... Rxb3+ 39. axb3 Qb5 {I just forgot about} 40. Nxa4
$18) 39. Nxa4 Qxa4 40. Qb2 Qa6 41. Rxb5 Bxb5 42. Ka1 Be2 43. Rc3 Bd1 44. Qd2
Ba4 45. Rc1 Bb5 46. Rc3 Ba4 47. Ra3 Qc4 48. Qc3 Qe2 $6 49. Qe1 $6 (49. Qd3 {
would have finished the game right away.}) 49... Qc4 50. Rc3 Qa6 51. Qc1 Qe2
52. Bb6 Bb5 53. Qb2 Qd1+ 54. Rc1 Qa4 55. a3 Qa6 56. Bf2 Be7 $2 57. Qc3 $6 (57.
Rc7 Bf8 58. Ra7 {was quicker.}) 57... Bd8 58. Ka2 Bd7 59. Qc4 Qa5 60. Rb1 Kf7
61. Rb4 Ke8 62. Kb2 Qa8 63. Bb6 Bh4 64. Bc7 Qa7 65. Bb6 Qa8 66. Rb3 Ke7 67. Qc7
Be1 68. Ba7 Qh8 69. Rb7 1-0

[Event "EU-ch 20th"]
[Site "Skopje"]
[Date "2019.03.28"]
[Round "10"]
[White "Deac, Bogdan Daniel"]
[Black "Edouard, Romain"]
[Result "0-1"]
[WhiteElo "2609"]
[BlackElo "2658"]
[Annotator "Edouard,R"]
[PlyCount "80"]
[EventDate "2019.03.18"]
[EventType "swiss"]
[EventRounds "11"]
[EventCountry "MKD"]
[Tiebreak "Sum of Buchholz"]
[SourceTitle "CBM 189"]
[Source "ChessBase"]
[SourceDate "2019.04.29"]
[SourceVersion "1"]
[SourceVersionDate "2019.04.29"]
[SourceQuality "1"]

1. c4 e5 2. Nc3 Nf6 3. Nf3 Nc6 4. e3 Bb4 5. Qc2 Bxc3 6. Qxc3 Qe7 7. d4 e4 $6 {
Trying to take risks in a must-win game. The move is probably not best
objectively, but it leads to double-edged positions.} (7... Ne4 {was a forced
draw in a top level game:} 8. Qd3 exd4 9. Nxd4 O-O 10. Be2 Qb4+ (10... Nxd4 $5
11. Qxd4 b6 12. O-O Bb7 13. f3 Nc5 14. Re1 f5 $13) 11. Kf1 Qe7 12. f3 f5 13.
Qd1 Nc5 14. Kf2 d6 15. Re1 Qh4+ 16. Kg1 Rf6 17. g3 Rg6 18. Nxc6 Rxg3+ 19. hxg3
Qxg3+ 20. Kh1 Qh3+ 21. Kg1 Qg3+ 22. Kh1 Qh3+ 23. Kg1 {½-½ (23) Caruana,F 
(2827)-Ding Liren (2804) Batumi 2018}) 8. Nd2 (8. Ng1 d5 9. b3 O-O 10. Ne2 a5
11. Nf4 Bf5 12. a3 Qd7 $13) 8... d5 9. a3 a5 10. Qc2 (10. cxd5 Nxd5 11. Qb3 Nb6
$132) 10... dxc4 (10... Be6 $5) ({I strongly considered} 10... Bf5 11. Qb3 Qd7
12. cxd5 Nxd5 13. Qxb7 O-O 14. Qb5 a4 {but could hardly believe the
compensations would be sufficient.}) 11. Bxc4 O-O 12. b3 Bf5 13. Bb2 Bg6 14.
Nb1 $6 {A little slow.} (14. O-O Rfd8 {with ideas like ...Nd6, or ...Na7-c8-d6
(-f5) should objectively be a little better for White, but was more or less
what I was looking for.}) 14... Rfe8 (14... Qd7 15. Nc3 Ne7 {is also fine.})
15. Qc1 (15. Nc3 {would have been the right answer to my 14...Re8 bluff:} Nxd4
$2 (15... Na7 $5) (15... Qd7 $5) 16. exd4 e3 17. Qe2 exf2+ 18. Kxf2 Qd6 19. Qd2
Ng4+ 20. Kg1 $16) 15... Na7 16. a4 (16. Nc3 Nc8 17. a4 Nd6 (17... Nb6 $5) 18.
Ba3 Qd7 $13) 16... Nc6 17. Ba3 Nb4 18. Nc3 c5 $5 19. dxc5 $6 (19. O-O Rac8 20.
Nb5 cxd4 21. Nxd4 Ng4 $132) 19... Rac8 $6 (19... Nd3+ $1 20. Bxd3 exd3 21. O-O
Qe5 22. f3 Rad8 {was difficult for White.}) 20. O-O Rxc5 (20... Ng4 {was my
initial idea when playing 19...Rac8, but then I got fair doubts:} 21. h3 Ne5
22. Bxb4 axb4 23. Nd5 $132) 21. Ne2 Ng4 22. Nf4 Ne5 23. Rd1 Rec8 24. Rd4 Qg5 (
24... Nec6 25. Rd5 Ne5 26. Rxc5 (26. Rd4 $11) 26... Qxc5 27. Qd2 Nxc4 28. bxc4
$14 Qxc4 $2 29. Rc1 Nc2 30. Nd5 $18) 25. Kf1 Ng4 $2 {Going all-in, though I
didn't really believe it should work.} 26. h3 Nh2+ 27. Ke2 (27. Ke1 {also
looked frightening for White, but the engine is just laughing:} Nd3+ 28. Nxd3
exd3 (28... Qxg2 29. Nxc5 Nf3+ 30. Ke2 Bh5 31. Rd5 $18) 29. Bxc5 Qxg2 30. Kd2
$16) 27... Nd3 (27... Bh5+ 28. Kd2 Qh4 29. Qe1 $16) 28. Qg1 (28. Qh1 {was even
stronger according to the engine.}) 28... Rxc4 29. bxc4 Nxf4+ 30. exf4 Qxf4 31.
Qc1 Bh5+ 32. Ke1 Qf6 (32... Nf3+ 33. gxf3 Qxf3 34. Ra2 $1 $18) 33. Bb2 $4 {Wow!
} (33. Qe3 $1 Bf3 (33... Rxc4 $6 34. Rxc4 Qxa1+ 35. Rc1 $18) 34. Bd6 $1 $18)
33... Qg6 34. Qc3 (34. Qd2 $6 Nf3+ $1 {may have been what my opponent missed:}
35. gxf3 Qg1+ 36. Ke2 Bxf3+ 37. Ke3 Qg5#) (34. g4 {was the least damage:} Nf3+
35. Kf1 Nxd4 36. Bxd4 Qd6 $15) 34... Qxg2 35. Rd5 Nf3+ 36. Ke2 Ne5+ 37. Ke3
Nxc4+ 38. Qxc4 Qf3+ 39. Kd4 Qxf2+ 40. Kc3 Qe3+ 0-1

[Event "Sitges Sunway op 6th"]
[Site "Sitges"]
[Date "2019.12.21"]
[Round "9"]
[White "Sadhwani, Raunak"]
[Black "Edouard, Romain"]
[Result "1/2-1/2"]
[WhiteElo "2507"]
[BlackElo "2653"]
[Annotator "Edouard,R"]
[PlyCount "87"]
[EventDate "2019.12.13"]
[EventType "swiss"]
[EventRounds "10"]
[EventCountry "ESP"]
[SourceTitle "CBM 194 Extra"]
[Source "ChessBase"]
[SourceDate "2020.03.31"]
[SourceVersion "1"]
[SourceVersionDate "2020.03.31"]
[SourceQuality "1"]

{[%evp 0,87,31,-1,-5,-9,-24,-24,-24,-51,5,5,-10,-7,0,-1,-12,-9,-3,3,60,66,105,
54,57,40,49,49,59,10,55,33,16,9,22,-1,-1,15,9,-101,31,31,81,45,31,16,27,6,2,0,
4,0,46,41,43,55,84,89,104,70,92,97,102,96,90,96,91,79,140,115,72,72,95,27,59,
18,46,90,108,57,68,59,163,168,156,106,106,106,203,0]} 1. c4 e5 2. Nc3 Nf6 3.
Nf3 Nc6 4. d3 d5 5. cxd5 Nxd5 6. e4 Nf6 $5 (6... Nb6 7. Be2 $5 (7. h3 {is also
possible - see my article on the 2.d3 English (game Edouard-Kantor), CBM 194.})
7... Bg4 8. O-O Bxf3 9. Bxf3 Bc5 10. Be3 Bd4 11. Rc1 O-O 12. a3 $36 {0-1 (31)
Kanep,M (2432)-Shirov,A (2658) Viljandi 2019 The knight on b6 isn't
well-placed in such positions.}) (6... Nxc3 $5 7. bxc3 Bc5 8. Be2 O-O 9. O-O
Qe7 $5 (9... Bb6 10. a4 Re8 11. Qc2 Qf6 12. Kh1 h6 13. Ng1 Qd6 14. f4 $14 {
0-1 (42) Kramnik,V (2777)-Giri,A (2783) Wijk aan Zee 2019}) (9... Bg4 10. h3
Bh5 11. Rb1 Bb6 12. g4 Bg6 13. Kg2 Qd7 14. Nh4 $14 {½-½ (37) Matlakov,M 
(2699)-Pashikian,A (2605) Moscow 2019}) 10. Qc2 (10. h3 $5) 10... Bg4 11. h3
Bh5 12. Kh1 (12. Qb3 $5 {would be my advice:} Rab8 13. Bg5 Qd6 14. Rad1 $36)
12... Rfd8 13. Ne1 Bxe2 14. Qxe2 b5 $5 15. Be3 b4 $6 {Perhaps too early.} (
15... Rab8 $5) 16. cxb4 Nxb4 17. Rc1 Bxe3 18. fxe3 Rd6 19. Rc4 $36 {½-½ (60)
Kramnik,V (2753)-Nakamura,H (2736) Moscow 2019}) (6... Nf4 $2 {is definitely
not to be advised:} 7. Bxf4 exf4 8. d4 Bd6 9. h3 $5 O-O 10. a3 $5 a6 11. Bc4
Kh8 12. e5 Be7 13. d5 {(streamroller!)} Na5 14. Ba2 $18 {1-0 (51) Carlsen,M 
(2870)-Nakamura,H (2741) Kolkata 2019.}) (6... Nde7 $6 7. Be3 Ng6 (7... g6 $6
8. d4 $16) 8. d4 (8. Be2 $5) 8... exd4 9. Nxd4 Nxd4 10. Bxd4 $14) 7. h3 $1 (7.
Be2 Bg4 8. O-O Bxf3 9. Bxf3 Nd4 $11 {1-0 (42) Morozevich,A (2758)-Grischuk,A 
(2726) Mexico City 2007}) 7... Bc5 8. Be2 (8. Be3 {is the main move. Here you
can see a summary, but again, for more details and ideas, see my article on
the 2.d3 English.} Bb6 9. Be2 O-O (9... Nh5 $5 10. O-O $1 $146 Ng3 11. Bxb6
Nxe2+ 12. Qxe2 axb6 13. Qe3 O-O 14. Rad1 {and White will push d4 and be a
little bit better.}) 10. O-O Qe7 $1 11. Rc1 (11. Na4 Rd8 $1 12. Nxb6 axb6 13.
Qc1 Nd7 $1 14. Qc3 Nc5 15. Rfc1 Ne6 $11 {½-½ (57) Vitiugov,N (2747)
-Grigoriants,S (2542) Moscow 2019}) 11... Rd8 12. a3 Be6 13. Qc2 Nh5 14. Na4
Nf4 (14... Ng3 $5) 15. Bxf4 exf4 16. Nc5 Nd4 17. Nxd4 Rxd4 18. Nxb7 Qg5 19. Kh2
h5 $5 (19... Rb8 20. Nc5 Bxc5 21. Qxc5 Qxc5 22. Rxc5 Rxb2 $11) 20. Bf3 Bg4 $44
{1-0 (63) Zeng,C (2544)-Yu Yangyi (2753) China 2019}) 8... h6 $6 9. O-O g5 $6 {
Just too ambitious.} 10. Be3 Bd4 (10... Bxe3 $6 11. fxe3 g4 12. hxg4 Nxg4 13.
Qd2 $16) 11. Nb5 Bb6 12. Bxb6 (12. Qa4 $5 O-O (12... Bd7 $2 13. Bxb6 axb6 $2
14. Qxa8 $1 $18) 13. Bxb6 cxb6 $14) 12... axb6 13. d4 exd4 14. e5 (14. Qc2 $5 {
followed by a rook move to d1 was perhaps stronger.}) 14... Nh5 15. Nfxd4 Nxd4
16. Nxd4 Nf4 17. Bf3 (17. Bc4 $5 O-O 18. Re1 $36) 17... O-O 18. Re1 Re8 19. g3
Ng6 (19... Nxh3+ $2 20. Kg2 {and it's unclear what my knight is doing on h3.})
20. e6 Bxe6 21. Bxb7 Rb8 (21... Rxa2 22. Rxe6 $1 $18 {was my I had missed when
playing 18...Re8.}) 22. Nxe6 (22. Bg2 Bd7 $11) 22... Qxd1 23. Raxd1 Rxb7 24.
Nd4 Rxe1+ 25. Rxe1 c5 $2 (25... Ra7 $1 26. a3 Ra5 27. Rc1 Rd5 $11) (25... Rb8
$5 26. Nf5 h5 {is also better than the game.}) 26. Nf5 Kh7 27. Re8 b5 (27... f6
$2 28. Re6 $18) 28. Rc8 c4 29. Nd6 Rd7 30. Nxb5 Rd2 31. Rxc4 Rxb2 32. a4 Ne5 $1
{The correct way to reach counterplay.} (32... Ra2 33. Nc3 $16) 33. Rc3 h5 $1 (
33... Ra2 $2 34. Ra3 $18) 34. Kf1 (34. f4 gxf4 35. gxf4 Ng6 $11) 34... g4 35.
hxg4 hxg4 36. Ra3 $1 (36. Nd6 Nf3 (36... Kg6 37. Ra3) 37. Rc1 Ra2 (37... Kg6
38. Ra1 $16) 38. Nxf7 Rxa4 {should be an easy draw.}) 36... Nc4 37. Ra1 Nd2+
38. Kg1 Ne4 39. Nd4 Rd2 $1 {An important move!} (39... Nxf2 40. a5 Nh3+ $2 (
40... Rd2 $8) 41. Kf1 Rf2+ 42. Ke1 Rg2 43. Ne2 $18) (39... Rxf2 $4 40. Re1 $18)
40. Nc6 {Now both of Black's main possibilities (both captures on f2) lead to
a draw with precise play.} Nxf2 (40... Rxf2 $5 41. a5 (41. Re1 Rf6 42. Rxe4
Rxc6 43. Rxg4 Rc3 {is an easy draw}) 41... Rf3 (41... Rc2 $2 42. Nb4 Rb2 43. a6
$18) 42. a6 Rxg3+ 43. Kf1 Rf3+ 44. Ke1 Re3+ 45. Kd1 Rh3 46. Ke2 Nc3+ $1 47. Kd2
Ne4+ $11) 41. a5 Nh3+ 42. Kf1 Rf2+ 43. Ke1 Rg2 44. Ra3 $5 (44. Ra4 Rg1+ 45. Kd2
Rg2+ 46. Kc3 Rxg3+ 47. Kc4 Nf4 48. a6 Ne6 49. a7 Nc7 50. Kc5 Na8 {should be a
draw.}) ({I was surprised at the draw offer I received, although Black manages
to make a draw with good play:} 44. Ra3 Rg1+ 45. Kd2 Rg2+ 46. Kc3 Rxg3+ 47. Kb4
Rxa3 48. Kxa3 g3 49. Nd4 g2 50. Nf3 Kg7 ({or} 50... Nf4 51. a6 Ne6 52. a7 Nd4
$3 53. a8=Q Nxf3 54. Qe4+ Kh8 $1 $11) 51. a6 Ng5 52. Ng1 Ne6 53. a7 Nc7 54. Kb4
Kf6 55. Kc5 Ke7 56. Kc6 Kd8 $11) 1/2-1/2

[Event "Eilat GP "]
[Site "Eilat"]
[Date "2001.11.15"]
[Round "1"]
[White "Zak, Uriel"]
[Black "Finkel, Alexander"]
[Result "0-1"]
[WhiteElo "2335"]
[BlackElo "2485"]
[Annotator "Finkel,A"]
[PlyCount "70"]
[EventDate "2001.11.15"]
[EventType "swiss"]
[EventRounds "5"]
[EventCountry "ISR"]
[SourceTitle "CBM 086"]
[Source "ChessBase"]
[SourceDate "2002.02.05"]
[SourceVersion "1"]
[SourceVersionDate "2002.02.05"]
[SourceQuality "1"]

1. c4 e5 2. Nc3 Nc6 3. Nf3 Nf6 4. d3 g6 5. Nd5 {White may hardly hope to get
an advantage with such unambitious move.} (5. g3 Bg7 (5... Nd4 6. Nxd4 exd4 7.
Nb5 c5 8. Bg2 Be7 9. Bh6 Ng4 10. Bd2 a6 11. Qa4 O-O 12. Qa3 d6 {1/2-1/2 Ribli,
Z-Hort,V/Surakarta 1982/MCD (12)}) 6. Bg2 d5 (6... O-O 7. O-O Re8 8. Rb1 (8. e4
d6 9. h3 a6 10. Be3 Rb8 11. Rb1 b5 12. cxb5 axb5 13. b4 Be6 $132 {Fedorowicz,
J-Larsen,B/Lone Pine 1979/MCL}) 8... a5 9. a3 d5 10. cxd5 Nxd5 11. Nxd5 Qxd5
12. Be3 $14 {Kortschnoj,V-Stean,M/London 1979/EXT 2001}) 7. cxd5 Nxd5 8. Nxd5
Qxd5 9. O-O O-O 10. Be3 Qb5 11. Qc2 Nd4 12. Nxd4 exd4 13. Bf4 c6 $11 {Ribli,
Z-Romanishin,O/Leningrad 1977/MCL}) (5. Rb1 a5 6. a3 Bg7 7. b4 axb4 8. axb4 O-O
9. e4 d6 10. Be2 Nh5 11. Nd5 Ne7 $11 {Sanguinetti,R-Tal,M/Biel 1976/IZT}) 5...
Bg7 (5... Nxd5 $6 6. cxd5 Nd4 7. Nxe5 Bg7 8. Nf3 Nxf3+ 9. gxf3 Qh4 10. Qb3 O-O
11. Bd2 c5 12. dxc6 dxc6 13. Bc3 Re8 14. Bxg7 Kxg7 $14 {1/2-1/2 Karner,H-Pohla,
H/Tallinn 1977/MCD (14)}) 6. Bg5 h6 7. Nxf6+ Bxf6 8. Bxf6 Qxf6 9. Qd2 {
Preventinng black from castling kingside.} (9. Nd2 Qe7 10. Ne4 Qb4+ 11. Qd2
Qxd2+ {1/2-1/2 Ribli,Z-Portisch,L/Niksic 1978/MCL (11)}) (9. Qc1 d6 10. e3 O-O
11. Be2 Qg7 12. O-O f5 13. Rb1 a5 14. b3 g5 15. Nd2 g4 16. f4 Bd7 $13 {
Kristiansen,T-Hatlebakk,E/Skien 1980/MCD}) 9... b6 10. g3 $6 (10. e3) 10... Bb7
11. Bg2 Nd4 12. Nh4 (12. Nxd4 Bxg2 13. Rg1 Bb7 14. Nb5 Qc6 15. Qc3 d6 $15)
12... O-O-O $1 $15 {Black king feels safe on the queenside.} 13. Bxb7+ Kxb7 14.
Ng2 (14. O-O g5 15. Ng2 Qf3 $1 (15... h5 $6 16. f3 h4 17. g4 $13) 16. Rfe1 Qh5
17. b4 f5 $15) 14... Qc6 15. O-O g5 16. b4 {Black is first to start an actions
against opponent's king.} f5 (16... h5 17. f3 h4 18. g4 $13) 17. Ne1 $5 h5 18.
b5 $6 (18. e3 $5 Ne6 (18... Nf3+ 19. Nxf3 Qxf3 20. Qd1 Qxd1 21. Rfxd1 d5 22.
Kf1 $11) 19. b5 Qd6 20. a4 h4 21. a5 g4 $36) 18... Qh6 19. e3 Ne6 20. a4 (20.
f4 $2 exf4 21. exf4 gxf4 22. gxf4 Rhg8+ 23. Kh1 Rg4 $17) 20... h4 21. a5 g4 22.
axb6 (22. Qa2 $2 hxg3 23. fxg3 Qxe3+ 24. Kh1 f4 $17) 22... axb6 23. f4 $6 {
After this move white is on defensive till the end of the game, so deserved
attention} (23. c5 $5 Nxc5 24. Qa2 Ra8 25. Qd5+ c6 26. bxc6+ dxc6 (26... Qxc6
$2 27. Qxe5 Rxa1 28. Qxa1 $13) 27. Qf7+ Kb8 28. Rb1 hxg3 29. Rxb6+ Kc8 $19)
23... hxg3 24. Qg2+ c6 25. hxg3 exf4 26. gxf4 (26. exf4 {[%csl Rd4]} Nd4 27.
Rf2 Rde8 $17) 26... Nc5 $17 27. Nc2 Qe6 $1 {[%cal Gh8h3] Reminding white that
his king is exposed.} (27... Nxd3 $6 28. Nd4 Qf6 $2 29. bxc6+ dxc6 30. Nxc6 $1
$18) 28. Ra3 Ra8 29. Rfa1 Rxa3 30. Rxa3 Rh3 $19 {[%cal Ge6h6,Gh6h4]} 31. bxc6+
dxc6 32. e4 (32. d4 Ne4 $19) 32... Qh6 $5 33. d4 Rxa3 34. Nxa3 Nxe4 35. Qb2 Ng3
0-1